| 000 | 00537nam a2200121Ia 4500 | ||
|---|---|---|---|
| 008 | 171212s9999 xx 000 0 und d | ||
| 100 | _aHerczl, Moshe Y. | ||
| 245 |
_cHerczl, Moshe Y. _aChristianity and the Holocaust of Hungarian Jewry |
||
| 260 |
_bNew York University Press _c1993 |
||
| 650 | _aJews -- Hungary -- History; Antisemitism -- Hungary -- History; Christianity and antisemitism; Holocaust, Jewish (1939-1945) -- Hungary; Hungary -- Ethnic relations | ||
| 650 | _aReligion | ||
| 856 | _uhttp://www.jstor.org/stable/j.ctt9qg6vj | ||
| 999 |
_c351525 _d351525 |
||